Hand book on stress and anxiety (Record no. 1375895)

MARC details
000 -LEADER
fixed length control field 00622nam a2200217Ia 4500
005 - DATE AND TIME OF LATEST TRANSACTION
control field 20250508162331.0
008 - FIXED-LENGTH DATA ELEMENTS--GENERAL INFORMATION
fixed length control field 008 250505s9999 xx 000 0 eng d
020 ## - INTERNATIONAL STANDARD BOOK NUMBER
International Standard Book Number 0-87589-478-X
037 ## - SOURCE OF ACQUISITION
Stock number Textual
040 ## - CATALOGING SOURCE
Original cataloging agency FEDL
Language of cataloging eng
Transcribing agency FEDL
041 ## - LANGUAGE CODE
Language code of text/sound track or separate title eng
Source of code eng
084 ## - COLON CLASSIFICATION NUMBER
Classification number 157.3, KUT
Assigning agency FEDL
100 ## - MAIN ENTRY--PERSONAL NAME
Personal name Kutash Irwin L.
9 (RLIN) 86436
245 #0 - TITLE STATEMENT
Title Hand book on stress and anxiety
260 ## - PUBLICATION, DISTRIBUTION, ETC.
Place of publication, distribution, etc. San Francisco
Name of publisher, distributor, etc. Jossey - Bass Publishers
Date of publication, distribution, etc. 1980
300 ## - PHYSICAL DESCRIPTION
Extent xx,580p.
650 ## - SUBJECT ADDED ENTRY--TOPICAL TERM
Topical term or geographic name entry element Abnormal Psychology
700 ## - ADDED ENTRY--PERSONAL NAME
Personal name Schlesinger Louis B.
9 (RLIN) 772888
942 ## - ADDED ENTRY ELEMENTS (KOHA)
Koha item type Textual
Classification part 157.3, KUT
Holdings
Withdrawn status Lost status Damaged status Not for loan Home library Current library Date acquired Total Checkouts Full call number Barcode Date last seen Price effective from Koha item type
        Department of Education Library Department of Education Library 2025-05-08   157.3, KUT EL0066349 2025-05-08 2025-05-08 Textual
Copyright @ Delhi University Library System